<?xml version="1.0" encoding="UTF-8"?>
<record
    xmlns:xsi="http://www.w3.org/2001/XMLSchema-instance"
    xsi:schemaLocation="http://www.loc.gov/MARC21/slim http://www.loc.gov/standards/marcxml/schema/MARC21slim.xsd"
    xmlns="http://www.loc.gov/MARC21/slim">

  <leader>01800nam a22003977a 4500</leader>
  <controlfield tag="005">20260112184556.0</controlfield>
  <controlfield tag="008">180320b2013    xxu||||| |||| 00| 0 spa d</controlfield>
  <datafield tag="020" ind1=" " ind2=" ">
    <subfield code="a">9786073221337</subfield>
  </datafield>
  <datafield tag="041" ind1=" " ind2=" ">
    <subfield code="a">ESP</subfield>
  </datafield>
  <datafield tag="082" ind1=" " ind2=" ">
    <subfield code="a">658.72 C549a5</subfield>
  </datafield>
  <datafield tag="100" ind1=" " ind2=" ">
    <subfield code="a">Chopra, Sunil</subfield>
    <subfield code="9">46307</subfield>
  </datafield>
  <datafield tag="100" ind1=" " ind2=" ">
    <subfield code="a">Meindl, Peter</subfield>
    <subfield code="9">46308</subfield>
  </datafield>
  <datafield tag="245" ind1=" " ind2=" ">
    <subfield code="a">Administraci&#xF3;n de la cadena de suministros: estrategia, planeaci&#xF3;n y operaci&#xF3;n  </subfield>
  </datafield>
  <datafield tag="260" ind1=" " ind2=" ">
    <subfield code="a">M&#xE9;xico</subfield>
  </datafield>
  <datafield tag="260" ind1=" " ind2=" ">
    <subfield code="b">Pearson Educaci&#xF3;n</subfield>
  </datafield>
  <datafield tag="260" ind1=" " ind2=" ">
    <subfield code="c">2013</subfield>
  </datafield>
  <datafield tag="300" ind1=" " ind2=" ">
    <subfield code="a">516 p&#xE1;ginas</subfield>
  </datafield>
  <datafield tag="490" ind1=" " ind2=" ">
    <subfield code="a">Direcci&#xF3;n y Administraci&#xF3;n de Empresas</subfield>
  </datafield>
  <datafield tag="505" ind1=" " ind2=" ">
    <subfield code="a">Parte I. Construcci&#xF3;n de un marco de trabajo estrat&#xE9;gico para analizar las cadenas de suministro;
Parte II. Dise&#xF1;o de redes de distribuci&#xF3;n y aplicaciones a ventas en l&#xED;nea.
Parte III. Planeaci&#xF3;n y coordinaci&#xF3;n de la demanda y la oferta en la cadena de suministro;
Parte IV. Planeaci&#xF3;n y administraci&#xF3;n de inventarios en una cadena de suministro; 
Parte V. Dise&#xF1;o y planeaci&#xF3;n de redes de transporte;
Parte VI. Administraci&#xF3;n de los controladores de funciones cruzadas en una cadena de suministro.
</subfield>
  </datafield>
  <datafield tag="650" ind1=" " ind2=" ">
    <subfield code="a">SUMINISTRO</subfield>
  </datafield>
  <datafield tag="650" ind1=" " ind2=" ">
    <subfield code="a">CADENA DE SUMINISTROS</subfield>
  </datafield>
  <datafield tag="650" ind1=" " ind2=" ">
    <subfield code="a">DISE&#xD1;O DE RED DE CADENA DE SUMINISTRO</subfield>
  </datafield>
  <datafield tag="650" ind1=" " ind2=" ">
    <subfield code="a">AJUSTE ESTRAT&#xC9;GICO</subfield>
  </datafield>
  <datafield tag="650" ind1=" " ind2=" ">
    <subfield code="a">ADMINISTRACI&#xD3;N</subfield>
  </datafield>
  <datafield tag="650" ind1=" " ind2=" ">
    <subfield code="a">DISE&#xD1;O DE REDES DE DISTRIBUBUCI&#xD3;N </subfield>
  </datafield>
  <datafield tag="650" ind1=" " ind2=" ">
    <subfield code="a">DISE&#xD1;O Y PLANEACI&#xD3;N DE REDES DE TRANSPORTE</subfield>
  </datafield>
  <datafield tag="650" ind1=" " ind2=" ">
    <subfield code="a">DISE&#xD1;O DE REDES DE CADENA DE SUMINISTRO GLOBALES</subfield>
  </datafield>
  <datafield tag="650" ind1=" " ind2=" ">
    <subfield code="a">ADMINISTRACI&#xD3;N DE INVENTARIOS </subfield>
  </datafield>
  <datafield tag="650" ind1=" " ind2=" ">
    <subfield code="a">REDES DE DISTRIBUCI&#xD3;N</subfield>
  </datafield>
  <datafield tag="650" ind1=" " ind2=" ">
    <subfield code="a">COORDINACI&#xD3;N EN UNA CADENA DE SUMINISTRO </subfield>
  </datafield>
  <datafield tag="650" ind1=" " ind2=" ">
    <subfield code="a">TECNOLOG&#xCD;A DE LA INFORMACI&#xD3;N EN UNA CADENA DE SUMINISTRO</subfield>
  </datafield>
  <datafield tag="650" ind1=" " ind2=" ">
    <subfield code="a">ESTRATEGIA </subfield>
  </datafield>
  <datafield tag="650" ind1=" " ind2=" ">
    <subfield code="a">CANALES DE DISTRIBUCI&#xD3;N</subfield>
  </datafield>
  <datafield tag="650" ind1=" " ind2=" ">
    <subfield code="a">PLANEACI&#xD3;N</subfield>
  </datafield>
  <datafield tag="942" ind1=" " ind2=" ">
    <subfield code="c">BK</subfield>
    <subfield code="2">ddc</subfield>
  </datafield>
  <datafield tag="999" ind1=" " ind2=" ">
    <subfield code="c">10485</subfield>
    <subfield code="d">10485</subfield>
  </datafield>
  <datafield tag="952" ind1=" " ind2=" ">
    <subfield code="o"> 658.72 C549a5</subfield>
    <subfield code="p">23009</subfield>
    <subfield code="x">DAE</subfield>
    <subfield code="y">BK</subfield>
  </datafield>
  <datafield tag="952" ind1=" " ind2=" ">
    <subfield code="o"> 658.72 C549a5</subfield>
    <subfield code="p">23086</subfield>
    <subfield code="x">DAE</subfield>
    <subfield code="y">BK</subfield>
  </datafield>
  <datafield tag="952" ind1=" " ind2=" ">
    <subfield code="o"> 658.72 C549a5</subfield>
    <subfield code="p">23087</subfield>
    <subfield code="x">DAE</subfield>
    <subfield code="y">BK</subfield>
  </datafield>
</record>
